Analýza 3-pilierovej dôchodkovej sústavy v SR bakalárska práca

Guardado en:
Detalles Bibliográficos
Autor principal: Beňo, Michal
Autor Corporativo: Fakulta hospodárskej informatiky EU. Katedra matematiky a aktuárstva
Otros Autores: Škrovánková, Lea, 1954-
Formato: Libro
Lenguaje:eslovaco
Publicado: Bratislava 2015
Etiquetas: Agregar Etiqueta
Sin Etiquetas, Sea el primero en etiquetar este registro!

MARC

LEADER 00000nbm a2200000 4500
001 0206578
005 20161212115124.6
041 0 |a slo 
044 |a SK 
245 1 0 |a Analýza 3-pilierovej dôchodkovej sústavy v SR  |b bakalárska práca  |c Michal Beňo ; školiteľ: Lea Škrovánková 
264 1 |a Bratislava  |c 2015 
300 |a 41 s. 
100 1 |a Beňo, Michal 
700 1 |a Škrovánková, Lea, 1954- 
710 2 |a Fakulta hospodárskej informatiky EU. Katedra matematiky a aktuárstva